[Event "ChessOrg-Schachfestival 2022-Senioren"]
[Site "Bad Woerishofen"]
[Date "2022.03.19"]
[Round "9.23"]
[White "Koenigl, Anton"]
[Black "Bertram, Thomas"]
[Result "1/2-1/2"]
[WhiteElo "1844"]
[BlackElo "1709"]
[PlyCount "32"]
[EventDate "2022.??.??"]
[WhiteTeam "FC Ergolding 1932 e.V."]
[BlackTeam "SF Bad Lausick"]

1. e4 e5 2. Nf3 Nc6 3. d4 exd4 4. Bc4 Be7 5. c3 d6 6. cxd4 Nf6 7. Nc3 O-O 8. h3
Nxe4 9. Bxf7+ Rxf7 10. Nxe4 Bf5 11. Ng3 Bg6 12. a3 Bh4 13. Nxh4 Qxh4 14. Be3
Re8 15. Qg4 Qxg4 16. hxg4 Nxd4 1/2-1/2

[Event "ChessOrg-Schachfestival 2022-Senioren"]
[Site "Bad Woerishofen"]
[Date "2022.03.19"]
[Round "9.24"]
[White "Di Lazzaro, Gabriele"]
[Black "Richter, Stefan"]
[Result "1-0"]
[WhiteElo "1768"]
[BlackElo "1612"]
[PlyCount "73"]
[EventDate "2022.??.??"]
[WhiteTeam "Richter - Bolzano"]
[BlackTeam "Elstertal-langenberg"]

1. e4 d6 2. d4 c5 3. Nf3 Bg4 4. Be2 Nc6 5. c3 Nf6 6. Qd3 Bxf3 7. Bxf3 e6 8. O-O
Be7 9. Na3 a6 10. Be3 b5 11. Rad1 c4 12. Qe2 O-O 13. Nc2 d5 14. e5 Nd7 15. Bg4
Kh8 16. f4 g6 17. Ne1 b4 18. Nf3 a5 19. Bf2 Rb8 20. Rb1 Rb6 21. Bh3 Na7 22. g4
Nb5 23. Be1 bxc3 24. Bxc3 Bb4 25. Qd2 Bxc3 26. bxc3 f6 27. f5 gxf5 28. gxf5
Rg8+ 29. Kh1 Na3 30. Rxb6 Nxb6 31. Qb2 Qe8 32. Qxb6 Qh5 33. Bg2 Qxf5 34. Qb2
Nc2 35. Ne1 Rxg2 36. Rxf5 Ne3 37. Nxg2 1-0

[Event "ChessOrg-Schachfestival 2022-Senioren"]
[Site "Bad Woerishofen"]
[Date "2022.03.19"]
[Round "9.25"]
[White "Flockerzi, Armin"]
[Black "Kelemen, Norbert"]
[Result "1-0"]
[WhiteElo "1761"]
[BlackElo "1647"]
[PlyCount "117"]
[EventDate "2022.??.??"]
[WhiteTeam "VfR-SC Koblenz"]
[BlackTeam "SC Weiße Dame Ulm e.V."]

1. Nf3 c5 2. e4 Nc6 3. d3 g6 4. g3 Bg7 5. c3 d5 6. exd5 Qxd5 7. Bg2 Bg4 8. O-O
Nf6 9. Qe2 O-O 10. Re1 Rad8 11. h3 Bxf3 12. Bxf3 Qxd3 13. Qxd3 Rxd3 14. Bxc6
bxc6 15. Be3 Rfd8 16. Na3 Ne4 17. Nc4 Nxc3 18. Bxc5 e6 19. Bxa7 Nb5 20. Bb6
R8d5 21. Rab1 Bd4 22. Bxd4 Nxd4 23. Kg2 Nf5 24. Rbc1 Ne7 25. Rc2 Kg7 26. Ree2
Nf5 27. Ne5 Nd4 28. Nxd3 Nxe2 29. Rxe2 Rxd3 30. Rc2 Rd6 31. b4 Kf8 32. a4 Rd4
33. Rb2 Rd8 34. g4 g5 35. Rc2 Rd4 36. Rb2 Rd8 37. a5 Ra8 38. Kf3 Ke7 39. Ke4 f6
40. f3 h6 41. Rb3 Ra7 42. Kd4 Kd6 43. Kc4 Ra8 44. Rd3+ Kc7 45. Kc5 Rb8 46. Rd4
Rb5+ 47. Kc4 Rb8 48. f4 e5 49. fxe5 fxe5 50. Re4 Rb5 51. Re3 Kb7 52. Rf3 Rd5
53. Rf7+ Kc8 54. Rf6 Kc7 55. Rxh6 Rd7 56. Re6 Rh7 57. Rxe5 Rxh3 58. Rxg5 Rh1
59. Rg7+ 1-0

[Event "ChessOrg-Schachfestival 2022-Senioren"]
[Site "Bad Woerishofen"]
[Date "2022.03.19"]
[Round "9.26"]
[White "Birkestrand, Odd"]
[Black "Titz, Waldemar"]
[Result "1/2-1/2"]
[WhiteElo "1702"]
[BlackElo "1742"]
[PlyCount "38"]
[EventDate "2022.??.??"]
[WhiteTeam "Masfjorden Sjakklubb"]
[BlackTeam "SV Rottweil"]

1. e4 e5 2. Nf3 d6 3. d4 Nf6 4. Nc3 exd4 5. Nxd4 Be7 6. Be2 O-O 7. O-O c6 8.
Be3 Nbd7 9. Nf5 Ne5 10. Nxe7+ Qxe7 11. h3 h6 12. f3 Rd8 13. Qe1 d5 14. Rd1 dxe4
15. Rxd8+ Qxd8 16. fxe4 Be6 17. Qg3 Ng6 18. Rd1 Qe7 19. Bf3 a6 1/2-1/2

[Event "ChessOrg-Schachfestival 2022-Senioren"]
[Site "Bad Woerishofen"]
[Date "2022.03.19"]
[Round "9.27"]
[White "De Polzer, Manfredi"]
[Black "Kumeth, Hartmut"]
[Result "0-1"]
[WhiteElo "1452"]
[BlackElo "1723"]
[PlyCount "80"]
[EventDate "2022.??.??"]
[BlackTeam "SK Union Oldenburg"]

1. d4 Nf6 2. c4 d5 3. Nc3 c6 4. Nf3 g6 5. cxd5 Nxd5 6. e4 Nxc3 7. bxc3 Bg7 8.
Bc4 O-O 9. O-O Bg4 10. h3 Bxf3 11. Qxf3 Nd7 12. Rb1 Nb6 13. Bb3 e6 14. Rd1 Qe7
15. c4 Rad8 16. c5 Na8 17. Bb2 Nc7 18. a4 f5 19. exf5 Rxf5 20. Qe2 Rdf8 21. Rf1
Nd5 22. Rbe1 Kh8 23. Qxe6 Qh4 24. Qe4 Nf4 25. Kh2 Rg5 26. Rg1 Qxf2 27. Bc1
Rxg2+ 28. Rxg2 Nxg2 29. Re2 Qf1 30. Bg5 Nf4 31. Bxf4 Rxf4 32. Qe8+ Rf8 33. Qe7
Bxd4 34. Rg2 Qf4+ 35. Kh1 Qb8 36. Bc4 Rf3 37. Qd6 Rxh3+ 38. Rh2 Rxh2+ 39. Kxh2
Qxd6+ 40. cxd6 Be5+ 0-1

[Event "ChessOrg-Schachfestival 2022-Senioren"]
[Site "Bad Woerishofen"]
[Date "2022.03.19"]
[Round "9.29"]
[White "Farel, Edgard"]
[Black "Meul, Willi"]
[Result "1-0"]
[WhiteElo "1603"]
[BlackElo "1789"]
[PlyCount "41"]
[EventDate "2022.??.??"]
[WhiteTeam "SG Enger-Spenge"]
[BlackTeam "SV 1925 Huerth-Berrenrath"]

1. e4 c5 2. Nf3 d6 3. d4 cxd4 4. Nxd4 Nf6 5. Nc3 a6 6. Be2 e5 7. Nb3 Be6 8. O-O
Nbd7 9. Be3 Rc8 10. h3 Be7 11. Qd2 Nc5 12. Nxc5 dxc5 13. Qxd8+ Rxd8 14. Rfd1
O-O 15. a3 b5 16. f3 h6 17. g4 Nd7 18. Nd5 Bxd5 19. Rxd5 f6 20. Rad1 c4 21.
Rxd7 1-0

[Event "ChessOrg-Schachfestival 2022-Senioren"]
[Site "Bad Woerishofen"]
[Date "2022.03.19"]
[Round "9.30"]
[White "Margraf, Dieter"]
[Black "Schlemminger, Degenhard"]
[Result "0-1"]
[WhiteElo "1474"]
[BlackElo "1623"]
[PlyCount "98"]
[EventDate "2022.??.??"]
[WhiteTeam "SC Sulzbach-Rosenberg"]
[BlackTeam "SV Reutlingen"]

1. d4 d5 2. Bf4 Nf6 3. e3 h6 4. Bd3 e6 5. c4 Bd6 6. Bg3 Bxg3 7. hxg3 b6 8. Nd2
Bb7 9. Ngf3 dxc4 10. Nxc4 Bxf3 11. gxf3 Qd5 12. Ne5 Nbd7 13. Qa4 Qa5+ 14. Qxa5
bxa5 15. Bb5 Rb8 16. Bxd7+ Nxd7 17. Nxd7 Kxd7 18. b3 Rb4 19. Rh5 a4 20. bxa4
Rxa4 21. Rb5 a6 22. Rb2 Ra8 23. Rc1 Ra7 24. Kd2 Ra5 25. g4 Rb5 26. Rcb1 c6 27.
f4 Rab7 28. Kc3 Kd6 29. e4 Rxb2 30. Rxb2 Rxb2 31. Kxb2 f6 32. Kc3 e5 33. f5
exd4+ 34. Kxd4 a5 35. f4 a4 36. e5+ fxe5+ 37. fxe5+ Kd7 38. Kc5 Kc7 39. e6 a3
40. Kb4 Kd6 41. Kxa3 g6 42. Kb4 gxf5 43. gxf5 h5 44. a4 h4 45. a5 h3 46. a6 h2
47. Ka5 h1=Q 48. Kb6 c5 49. a7 Qc6+ 0-1

[Event "ChessOrg-Schachfestival 2022-Senioren"]
[Site "Bad Woerishofen"]
[Date "2022.03.19"]
[Round "9.31"]
[White "Lie, Terje"]
[Black "Mitschka, Manfred"]
[Result "0-1"]
[WhiteElo "1441"]
[BlackElo "1614"]
[PlyCount "144"]
[EventDate "2022.??.??"]
[WhiteTeam "Bergens SK"]
[BlackTeam "SK Neuburg"]

1. d4 Nf6 2. c4 e6 3. Nf3 b6 4. Nc3 Bb4 5. Bd2 Bb7 6. e3 O-O 7. Be2 Bxc3 8.
Bxc3 d6 9. O-O a5 10. b3 Nbd7 11. Qc2 Qe7 12. Rad1 Ne4 13. Bb2 Ng5 14. Nd2 f5
15. f4 Ne4 16. Bf3 Nxd2 17. Qxd2 Bxf3 18. Rxf3 Nf6 19. Qe1 Ne4 20. Rh3 Qf6 21.
Qe2 Rae8 22. Qh5 h6 23. Ba1 Qf7 24. d5 Qxh5 25. Rxh5 Kh7 26. a3 g6 27. Rh3 Rg8
28. Rf3 g5 29. g3 h5 30. b4 a4 31. dxe6 g4 32. Rff1 Rxe6 33. Rfe1 Rh6 34. Bd4
h4 35. Kg2 Re8 36. b5 h3+ 37. Kf1 Rhe6 38. Rd3 Kg6 39. Re2 Kf7 40. Rb2 Rh6 41.
Kg1 Rhe6 42. Rb4 Ra8 43. Rb1 Re7 44. Rb2 Ke6 45. Kf1 Rd7 46. Rc2 Rad8 47. Bc3
Nc5 48. Rd5 Re8 49. Rb2 Rde7 50. Bd4 Nb3 51. Re2 Kd7 52. Bf6 Re4 53. Rxf5 Ke6
54. Rg5 Kxf6 55. Rxg4 Nd4 56. Re1 Nf3 57. Rh4 Nxh4 58. gxh4 Rxe3 59. Rxe3 Rxe3
60. Kf2 Re8 61. Kg3 Kf5 62. h5 Re4 63. h6 Kg6 64. Kg4 Kxh6 65. Kf5 Rxc4 66. Kg4
Kg6 67. Kxh3 Kf5 68. Kh4 Rc2 69. Kg3 d5 70. h4 Rc3+ 71. Kg2 Kxf4 72. h5 Kg5 0-1

[Event "ChessOrg-Schachfestival 2022-Senioren"]
[Site "Bad Woerishofen"]
[Date "2022.03.19"]
[Round "9.32"]
[White "Stratmann, Alois"]
[Black "Bertram, Marina"]
[Result "1/2-1/2"]
[WhiteElo "1547"]
[BlackElo "1304"]
[PlyCount "23"]
[EventDate "2022.??.??"]
[WhiteTeam "SV Ahlen 54 e.V."]
[BlackTeam "SF Bad Lausick"]

1. Nf3 Nc6 2. b3 d6 3. Bb2 Nf6 4. e3 e5 5. Bb5 a6 6. Bxc6+ bxc6 7. d4 e4 8. Ng1
d5 9. Ne2 Bd6 10. Nd2 O-O 11. c4 Re8 12. h3 1/2-1/2

[Event "ChessOrg-Schachfestival 2022-Senioren"]
[Site "Bad Woerishofen"]
[Date "2022.03.19"]
[Round "9.33"]
[White "Wraga, Hermann"]
[Black "Beitz, Joanne"]
[Result "1-0"]
[WhiteElo "1641"]
[BlackElo "1314"]
[PlyCount "47"]
[EventDate "2022.??.??"]
[WhiteTeam "SG Osnabrueck"]
[BlackTeam "Mettmann-Sport e.V."]

1. e4 e5 2. Bc4 Nf6 3. d3 Bc5 4. Nf3 O-O 5. O-O d6 6. h3 b6 7. c3 h6 8. b4 b5
9. Bxb5 Bb6 10. Re1 c6 11. Ba4 Bb7 12. Be3 Qc7 13. Qc2 Re8 14. Nbd2 Nbd7 15.
Bxb6 axb6 16. Bb3 b5 17. Nf1 Nf8 18. Ng3 g6 19. Qd2 g5 20. Nf5 Kh7 21. Nxg5+
Kg6 22. Bxf7+ Qxf7 23. Nxf7 Kxf7 24. Nxd6+ 1-0

[Event "ChessOrg-Schachfestival 2022-Senioren"]
[Site "Bad Woerishofen"]
[Date "2022.03.19"]
[Round "9.34"]
[White "Manthe, Joern"]
[Black "Braeu, Emmi"]
[Result "0-1"]
[WhiteElo "1320"]
[BlackElo "1476"]
[PlyCount "27"]
[EventDate "2022.??.??"]
[BlackTeam "SK Marktoberdorf"]

{[%mdl 8192]} 1. e4 c5 2. c3 g6 3. Nf3 Bg7 4. Be2 Nc6 5. d4 cxd4 6. c4 e5 7.
Bd2 Nge7 8. a3 O-O 9. h4 d6 10. Bd3 Bg4 11. Qe2 Na5 12. Bc2 Rc8 13. b3 b6 14.
O-O 0-1